<?xml version="1.0" encoding="UTF-8"?><?xml-stylesheet type="text/xsl" href="static/style.xsl"?><OAI-PMH xmlns="http://www.openarchives.org/OAI/2.0/" xmlns:xsi="http://www.w3.org/2001/XMLSchema-instance" xsi:schemaLocation="http://www.openarchives.org/OAI/2.0/ http://www.openarchives.org/OAI/2.0/OAI-PMH.xsd"><responseDate>2026-04-18T03:38:50Z</responseDate><request verb="GetRecord" identifier="oai:www.recercat.cat:2117/445564" metadataPrefix="marc">https://recercat.cat/oai/request</request><GetRecord><record><header><identifier>oai:recercat.cat:2117/445564</identifier><datestamp>2025-11-08T01:51:15Z</datestamp><setSpec>com_2072_1033</setSpec><setSpec>col_2072_452951</setSpec></header><metadata><record xmlns="http://www.loc.gov/MARC21/slim" xmlns:dcterms="http://purl.org/dc/terms/" xmlns:xsi="http://www.w3.org/2001/XMLSchema-instance" xmlns:doc="http://www.lyncode.com/xoai" xsi:schemaLocation="http://www.loc.gov/MARC21/slim http://www.loc.gov/standards/marcxml/schema/MARC21slim.xsd">
   <leader>00925njm 22002777a 4500</leader>
   <datafield ind2=" " ind1=" " tag="042">
      <subfield code="a">dc</subfield>
   </datafield>
   <datafield ind2=" " ind1=" " tag="720">
      <subfield code="a">Maristany Marqués, Gonzalo</subfield>
      <subfield code="e">author</subfield>
   </datafield>
   <datafield ind2=" " ind1=" " tag="260">
      <subfield code="c">2025-10-20</subfield>
   </datafield>
   <datafield ind2=" " ind1=" " tag="520">
      <subfield code="a">Este Trabajo de Final de Máster tiene como principal objetivo el diseño e instalación de un sistema de climatización capaz de controlar las condiciones ambientales de temperatura y humedad según parámetros ajustables, minimizando al máximo el consumo energético en la comarca del Vallès Oriental, en las instalaciones de una empresa dedicada al procesamiento de fibras sintéticas. La nave dispone de 4.400 m² de superficie interior y un volumen de aire aproximado de 30.000 m³. El objetivo principal es lograr un clima óptimo para la manipulación de fibras sintéticas como poliéster y poliamida, especialmente durante los periodos de mayor calor, ya que en los meses más fríos la nave ya cuenta con un sistema de calefacción mediante caldera diésel, gestionado de forma independiente. El control de la temperatura se realiza mediante un sistema PLC que acciona tres ventiladores con capacidad de impulsión y extracción de aire, un sistema de aire acondicionado con bomba de intercambio de calor y dos sistemas de deshumidificación. El sistema será operado a través de una pantalla táctil (HMI) y podrá controlarse tanto presencialmente desde la sala de máquinas como de forma remota a través de internet. Se desarrollará un programa en el PLC que permita la automatización del sistema, así como la obtención, registro y tratamiento de datos. Asimismo, se evaluarán los efectos del sistema y se realizará una valoración de los costes de los materiales empleados. Se incluirá un anexo específico con el programa completo del PLC, lo que permitirá documentar íntegramente la lógica de control implementada y facilitar su futura replicación o mejora. Los resultados obtenidos muestran una optimización en la gestión de la temperatura, así como un incremento del confort durante los meses de verano</subfield>
   </datafield>
   <datafield ind1="8" ind2=" " tag="024">
      <subfield code="a">http://hdl.handle.net/2117/445564</subfield>
   </datafield>
   <datafield tag="653" ind2=" " ind1=" ">
      <subfield code="a">Àrees temàtiques de la UPC::Edificació::Instal·lacions i acondicionament d'edificis::Instal·lacions de climatització</subfield>
   </datafield>
   <datafield tag="653" ind2=" " ind1=" ">
      <subfield code="a">Àrees temàtiques de la UPC::Enginyeria tèxtil::Indústria tèxtil</subfield>
   </datafield>
   <datafield tag="653" ind2=" " ind1=" ">
      <subfield code="a">Buildings -- Environmental engineering</subfield>
   </datafield>
   <datafield tag="653" ind2=" " ind1=" ">
      <subfield code="a">Factories -- Heating and ventilation</subfield>
   </datafield>
   <datafield tag="653" ind2=" " ind1=" ">
      <subfield code="a">Textile factories</subfield>
   </datafield>
   <datafield tag="653" ind2=" " ind1=" ">
      <subfield code="a">Edificis -- Enginyeria ambiental</subfield>
   </datafield>
   <datafield tag="653" ind2=" " ind1=" ">
      <subfield code="a">Fàbriques -- Calefacció i ventilació</subfield>
   </datafield>
   <datafield tag="653" ind2=" " ind1=" ">
      <subfield code="a">Fàbriques de teixits</subfield>
   </datafield>
   <datafield ind2="0" ind1="0" tag="245">
      <subfield code="a">Diseño y ejecución de un sistema de climatización para una nave industrial textil</subfield>
   </datafield>
</record></metadata></record></GetRecord></OAI-PMH>